Estatísticas para Participantes do Big Brother Brasil 17

Clique aqui para jogar o quiz

Estatísticas Gerais

  • Esse quiz foi jogado 31 vezes
  • A pontuação média é 11 de 15

Estatísticas das Respostas

ColocaçãoParticipante% Correto
Emilly Araújo
100%
ExpulsoMarcos Harter
100%
Vivian Amorim
92%
Ieda Wobeto
80%
11ºManoel Rafaski
80%
Marinalva Almeida
72%
13ºMayara Rodrigues
72%
Roberta Diniz
72%
Rômulo Milhomem
64%
Daniel Fontes
60%
Pedro Falcão
56%
10ºElis Gonçalves
52%
14ºGabriela Flor
52%
Ilmar Fonseca
52%
12ºLuiz Felipe Ribeiro
52%

Distribuição das Pontuações

Percentil de Números Respondidos

Porcentagem de Pessoas com Cada Pontuação

Sua Pontuação Histórica

Você não jogou esse quiz